Les souffrances du jeune Werther

Guardat en:
Dades bibliogràfiques
Autor principal: Goethe, Johann Wolfgang von, 1749-1832 (autor)
Format: Llibre
Idioma:francès
alemany
Publicat: París Montaigne 1950
Col·lecció:Collection Bilingue des Classiques Etrangers
Matèries:
Etiquetes: Afegir etiqueta
Sense etiquetes, Sigues el primer a etiquetar aquest registre!

MARC

LEADER 00000nam a2200000 a 4500
001 UCO5382
003 CL-VaPUC
008 000901e19500000FR |||||||||||||||||fre|d
041 0 7 |a fre  |2 CL-VaPUC 
041 0 7 |a ger  |2 CL-VaPUC 
082 0 4 |a 833  |b GOE  |2 21 
100 |a Goethe, Johann Wolfgang von,  |d 1749-1832  |e autor  |9 265453 
245 1 4 |a Les souffrances du jeune Werther 
246 1 4 |a Die leiden des jungen Werthers 
300 |a 154 p 
942 |c BK 
945 |d 20000901 00:00:00  |a crobeson 
260 |a París  |b Montaigne  |c 1950 
650 0 |a Novelas alemanas   |9 265783 
650 0 |a Literatura alemana   |9 265457 
583 |a last modification  |c 20000901 00:00:00  |k Rodrigo Vera 
490 0 |a Collection Bilingue des Classiques Etrangers 
999 |c 291247  |d 291245 
952 |0 0  |1 0  |2 ddc  |4 0  |6 833_000000000000000_GOE_1950  |7 0  |8 A  |9 341047  |a BIBART  |b BIBART  |d 2019-11-20  |i 1219693  |o 833 GOE 1950  |p 1219693  |r 2019-11-20  |w 2019-11-20  |y BK  |k ART